[Event "CHN-ch"]
[Site "Xinghua"]
[Date "2025.07.03"]
[Round "11"]
[White "Wang, Youran"]
[Black "Zhang, Yinzhe"]
[Result "0-1"]
[WhiteElo "1827"]
[BlackElo "1939"]
[PlyCount "96"]
[EventDate "2025.06.23"]
[EventType "swiss"]
[EventRounds "11"]
[EventCountry "CHN"]
[SourceTitle "CB28_2025"]
[SourceDate "2025.07.09"]
[SourceVersion "1"]
[SourceVersionDate "2025.07.09"]
[SourceQuality "1"]

1. d4 Nf6 2. c4 e6 3. Nc3 Bb4 4. f3 d5 5. a3 Bxc3+ 6. bxc3 0-0 7. e3 Nc6 8. cxd5 exd5 9. Bd3 Nh5 10. Qc2 Qh4+ 11. Qf2 Qe7 12. Ne2 f5 13. 0-0 Na5 14. a4 Re8 15. Ra2 Bd7 16. Rb2 b6 17. Ng3 Nxg3 18. Qxg3 c5 19. h4 Rac8 20. Re2 Nb3 21. Ba3 Qf7 22. Qf4 cxd4 23. cxd4 Rc3 24. Bb5 Bxb5 25. axb5 Qe6 26. Kf2 Rd3 27. Rfe1 Nd2 28. Bc1 Nc4 29. h5 h6 30. Ra2 Qd7 31. Rae2 Nd6 32. Rg1 Nxb5 33. g4 fxg4 34. Rxg4 Nc3 35. Re1 Rf8 36. Qg3 Ne4+ 37. Rxe4 dxe4 38. f4 Rc3 39. Qg6 Rc2+ 40. Kg3 Qf5 41. Qxf5 Rxf5 42. Kg4 Ra5 43. f5 Ra1 44. Bd2 Rxe1 45. Bxe1 Re2 46. Bb4 Rxe3 47. d5 Rd3 48. d6 a5 0-1

[Event "CHN-ch"]
[Site "Xinghua"]
[Date "2025.06.28"]
[Round "6"]
[White "Zhang, Yinzhe"]
[Black "Jin, Hongtao"]
[Result "1/2-1/2"]
[WhiteElo "1939"]
[BlackElo "2305"]
[PlyCount "208"]
[EventDate "2025.06.23"]
[EventType "swiss"]
[EventRounds "11"]
[EventCountry "CHN"]
[SourceTitle "CB28_2025"]
[SourceDate "2025.07.09"]
[SourceVersion "1"]
[SourceVersionDate "2025.07.09"]
[SourceQuality "1"]

1. Nf3 Nf6 2. b3 c5 3. Bb2 e6 4. e3 Nc6 5. Be2 Be7 6. 0-0 b6 7. c4 0-0 8. Nc3 Bb7 9. d4 d5 10. dxc5 bxc5 11. cxd5 exd5 12. Rc1 Rc8 13. Na4 Nb4 14. Bxf6 Bxf6 15. Rxc5 Nxa2 16. Qd2 Rxc5 17. Nxc5 Nc3 18. Rc1 Nxe2+ 19. Qxe2 Qe7 20. Qa2 Rc8 21. Qxa7 Bb2 22. Rc2 Ra8 23. Qxa8+ Bxa8 24. Na4 h6 25. Rxb2 d4 26. Nxd4 Qe4 27. Nf3 Bc6 28. h3 Qb4 29. Rd2 Qxb3 30. Nc5 Qb1+ 31. Kh2 Qf5 32. Nd3 Bxf3 33. gxf3 Qxf3 34. Ne1 Qe4 35. Ng2 g6 36. h4 Kg7 37. f4 Qf3 38. Rd4 Qf2 39. Rd6 Qf3 40. Ra6 Qb7 41. Ra5 Kf6 42. Kg3 Qb2 43. Re5 Qe2 44. Rc5 Ke6 45. Re5+ Kd6 46. Re8 Kd5 47. Re5+ Kc4 48. Re7 Qf1 49. Rd7 f6 50. Rd6 Kc3 51. Rd5 h5 52. Rd4 Qb5 53. Rd6 Qf5 54. Rd4 Qg4+ 55. Kh2 Qf3 56. Kg1 Qg3 57. Kh1 Kc2 58. Kg1 Qh3 59. Kf2 Qh2 60. Kf1 Kc3 61. Kf2 Qh3 62. Kg1 Kc2 63. Kf2 Qh1 64. Kg3 Qg1 65. Kh3 Kc3 66. Kg3 Qa1 67. Kh2 Qa5 68. Kg1 Qf5 69. Kh2 Qg4 70. Kg1 Qg3 71. Kh1 g5 72. fxg5 fxg5 73. hxg5 Qxg5 74. Kh2 Kc2 75. Kh3 Qe5 76. Ne1+ Kc3 77. Rd3+ Kc4 78. Rd4+ Kb5 79. Ng2 Kc5 80. Rf4 Kd5 81. Kh2 Qg5 82. Kh1 Ke5 83. Kh2 Qg6 84. Kh1 Qg3 85. Kg1 Qh3 86. Kf2 Qd7 87. Kg1 Qd2 88. Kh1 Qc1+ 89. Kh2 Qd1 90. Nh4 Qd2+ 91. Ng2 Qc1 92. Kg3 Qg1 93. Kh3 Ke6 94. Kg3 Kd5 95. Kh3 Ke5 96. Kg3 Qh1 97. Kf2 Qd1 98. Kg3 Qe2 99. Kh2 Qd1 100. Kg3 Qg1 101. Kh3 Qh1+ 102. Kg3 Qg1 103. Kh3 Qh1+ 104. Kg3 Qg1 1/2-1/2

[Event "CHN-ch"]
[Site "Xinghua"]
[Date "2025.06.27"]
[Round "5"]
[White "Yu, Zhe"]
[Black "Zhang, Yinzhe"]
[Result "0-1"]
[WhiteElo "1834"]
[BlackElo "1939"]
[PlyCount "86"]
[EventDate "2025.06.23"]
[EventType "swiss"]
[EventRounds "11"]
[EventCountry "CHN"]
[SourceTitle "CB28_2025"]
[SourceDate "2025.07.09"]
[SourceVersion "1"]
[SourceVersionDate "2025.07.09"]
[SourceQuality "1"]

1. e4 c5 2. Nf3 d6 3. d4 cxd4 4. Nxd4 Nf6 5. Nc3 a6 6. Bg5 e6 7. f4 Be7 8. Qf3 Qc7 9. 0-0-0 Nbd7 10. g4 b5 11. Bxf6 Nxf6 12. g5 Nd7 13. Qh5 Nc5 14. Bg2 b4 15. Nce2 g6 16. Qh6 Bf8 17. Qh4 e5 18. fxe5 dxe5 19. Qg3 Bb7 20. Nb3 Ne6 21. Rd5 Bxd5 22. exd5 Rc8 23. c3 Nc5 24. Nxc5 Bxc5 25. c4 Bd6 26. b3 0-0 27. Be4 a5 28. h4 a4 29. h5 axb3 30. axb3 Ra8 31. Qh3 Ra1+ 32. Bb1 Qe7 33. hxg6 fxg6 34. Kb2 e4 35. Nd4 Rf2+ 36. Bc2 Rxh1 37. Qxh1 Qe5 38. Qd1 Bc5 39. Kb1 Bxd4 40. d6 Qxd6 41. Bxe4 Rb2+ 42. Kc1 Qf4+ 43. Qd2 Qxd2# 0-1

[Event "CHN-ch"]
[Site "Xinghua"]
[Date "2025.06.24"]
[Round "2"]
[White "Zhang, Yinzhe"]
[Black "Pei, Dongfang"]
[Result "1-0"]
[WhiteElo "1939"]
[BlackElo "1547"]
[PlyCount "69"]
[EventDate "2025.06.23"]
[EventType "swiss"]
[EventRounds "11"]
[EventCountry "CHN"]
[SourceTitle "CB28_2025"]
[SourceDate "2025.07.09"]
[SourceVersion "1"]
[SourceVersionDate "2025.07.09"]
[SourceQuality "1"]

1. c4 e5 2. d3 Nf6 3. Nf3 Nc6 4. a3 a5 5. e3 d5 6. cxd5 Nxd5 7. Qc2 Be7 8. b3 0-0 9. Bb2 Bf6 10. Be2 Bf5 11. e4 Nf4 12. exf5 Nxg2+ 13. Kf1 Nf4 14. Nc3 Qd7 15. Ne4 Qxf5 16. h4 Be7 17. Rd1 Rfd8 18. Ng3 Qe6 19. Qc4 Rd5 20. Bc1 b5 21. Qe4 Nxe2 22. Kxe2 Nd4+ 23. Nxd4 exd4 24. Qxe6 fxe6 25. Rdg1 Rf8 26. Ne4 Re5 27. Rg4 Rf7 28. Bf4 Ref5 29. Bxc7 Bxh4 30. Rgxh4 Rxc7 31. Rxh7 Kf8 32. Kd2 Rff7 33. Rh8+ Ke7 34. Rb8 Rf5 35. Rh7 1-0

[Event "CHN-ch Gp-B"]
[Site "Liaocheng"]
[Date "2024.04.22"]
[Round "4"]
[White "Wei, Zhengchen"]
[Black "Zhang, Yinzhe"]
[Result "0-1"]
[WhiteElo "1675"]
[BlackElo "1927"]
[PlyCount "64"]
[EventDate "2024.04.21"]
[EventType "swiss"]
[EventRounds "11"]
[EventCountry "CHN"]
[SourceTitle "CBM 219 Extra"]
[Source "ChessBase"]
[SourceDate "2024.05.31"]
[SourceVersion "1"]
[SourceVersionDate "2024.05.31"]
[SourceQuality "1"]

1. e4 c5 2. Nf3 e6 3. d4 cxd4 4. Nxd4 Nf6 5. Nc3 d6 6. g4 h6 7. Bg2 a6 8. h3 Qc7 9. Be3 Nc6 10. Nde2 b5 11. a3 Bb7 12. Qd2 Ne5 13. b3 Ng6 14. f3 Nh4 15. 0-0 Nxg2 16. Kxg2 Be7 17. Bd4 0-0 18. h4 e5 19. Be3 d5 20. Nxd5 Nxd5 21. exd5 Rfd8 22. Ng3 Rxd5 23. Qe2 Bxh4 24. Nf5 Bg5 25. Bxg5 hxg5 26. Ng3 Rd4 27. Rae1 f6 28. Kh2 e4 29. Kh3 Kf7 30. fxe4 Rh8+ 31. Nh5 Rxe4 32. Qd2 Rxh5+ 0-1

[Event "CHN-ch Gp-B"]
[Site "Liaocheng"]
[Date "2024.04.21"]
[Round "1"]
[White "Zhang, Yinzhe"]
[Black "Dang, Letian"]
[Result "1-0"]
[WhiteElo "1927"]
[BlackElo "1574"]
[PlyCount "81"]
[EventDate "2024.04.21"]
[EventType "swiss"]
[EventRounds "11"]
[EventCountry "CHN"]
[SourceTitle "CBM 219 Extra"]
[Source "ChessBase"]
[SourceDate "2024.05.31"]
[SourceVersion "1"]
[SourceVersionDate "2024.05.31"]
[SourceQuality "1"]

1. e3 Nf6 2. c4 e5 3. d3 c6 4. Nf3 d6 5. b3 g6 6. Bb2 Bg7 7. Be2 0-0 8. Nbd2 Nbd7 9. Rc1 Re8 10. 0-0 Nc5 11. b4 Ncd7 12. Qc2 Nh5 13. d4 f5 14. dxe5 Nxe5 15. Nxe5 dxe5 16. Bxh5 gxh5 17. Nf3 Qc7 18. Rfd1 e4 19. Ng5 h6 20. Nh3 Be6 21. Nf4 Kh7 22. Nxh5 Bxb2 23. Qxb2 Rf8 24. Nf4 Rae8 25. Rd4 Rf7 26. Rcd1 c5 27. bxc5 Qxc5 28. Rd8 Qe7 29. Rxe8 Qxe8 30. Qe5 Bd7 31. Qd6 Rg7 32. Nd5 Rg6 33. Nf6+ Rxf6 34. Qxf6 Qe6 35. Qf8 Qe8 36. Qd6 Bc6 37. Qc7+ Kg6 38. Rd6+ Kh5 39. Qg7 Qg6 40. Rxg6 Bd5 41. Rxh6# 1-0

[Event "CHN-ch sf"]
[Site "Hefei"]
[Date "2023.04.28"]
[Round "11"]
[White "Zhang, Yinzhe"]
[Black "Gu, Xianghan"]
[Result "0-1"]
[WhiteElo "1960"]
[BlackElo "1798"]
[PlyCount "92"]
[EventDate "2023.04.23"]
[EventType "swiss"]
[EventRounds "11"]
[EventCountry "CHN"]
[SourceTitle "CBM 214 Extra"]
[Source "ChessBase"]
[SourceDate "2023.07.31"]
[SourceVersion "1"]
[SourceVersionDate "2023.07.31"]
[SourceQuality "1"]

1. Nf3 Nf6 2. b3 d5 3. Bb2 Bf5 4. e3 e6 5. Be2 h6 6. 0-0 Be7 7. d3 0-0 8. Re1 Bh7 9. Nbd2 a5 10. a4 Na6 11. Bf1 Nc5 12. Qe2 c6 13. Ne5 Nfd7 14. Nxd7 Nxd7 15. e4 Qb6 16. g3 Bc5 17. Nf3 Rfd8 18. e5 Nf8 19. h4 Bf5 20. Bg2 Bg4 21. Qd2 Bb4 22. Bc3 Bxf3 23. Bxf3 Ng6 24. Bxb4 axb4 25. h5 Ne7 26. Bg4 Qd4 27. Qe2 c5 28. Rad1 Nc6 29. Bh3 Qc3 30. Rc1 Nd4 31. Qg4 b5 32. axb5 Nxb5 33. Qh4 Nd4 34. Kg2 Re8 35. g4 Qd2 36. Rcd1 Qf4 37. Qg3 Qxg3+ 38. Kxg3 Nxc2 39. Re2 Nd4 40. Rb2 Ra3 41. Rdb1 Rea8 42. f4 Ra1 43. g5 Rxb1 44. Rxb1 Ra3 45. gxh6 gxh6 46. Kf2 Rxb3 0-1

[Event "CHN-ch sf"]
[Site "Hefei"]
[Date "2023.04.24"]
[Round "4"]
[White "Yan, Linhao"]
[Black "Zhang, Yinzhe"]
[Result "0-1"]
[WhiteElo "1449"]
[BlackElo "1960"]
[PlyCount "48"]
[EventDate "2023.04.23"]
[EventType "swiss"]
[EventRounds "11"]
[EventCountry "CHN"]
[SourceTitle "CBM 214 Extra"]
[Source "ChessBase"]
[SourceDate "2023.07.31"]
[SourceVersion "1"]
[SourceVersionDate "2023.07.31"]
[SourceQuality "1"]

1. Nf3 Nf6 2. b3 d6 3. Bb2 e5 4. d3 Nbd7 5. c4 g6 6. g3 Bg7 7. Bg2 0-0 8. Nbd2 c6 9. Qc2 Qc7 10. 0-0 b6 11. b4 Bb7 12. e3 Rfe8 13. Nb3 c5 14. a3 Rac8 15. Bc3 d5 16. bxc5 dxc4 17. dxc4 Nxc5 18. Nxc5 Qxc5 19. Nd2 Bxg2 20. Kxg2 b5 21. Bb4 Qc6+ 22. Kg1 bxc4 23. Rfc1 Qe6 24. Nxc4 Rc6 0-1

[Event "FISU World University"]
[Site "Tornelo INT"]
[Date "2020.10.26"]
[Round "3.15"]
[White "Argote Heredia, Valentina"]
[Black "Zhang, Yinzhe"]
[Result "1-0"]
[WhiteElo "2150"]
[BlackElo "1960"]
[PlyCount "45"]
[EventDate "2020.10.26"]
[EventType "team-swiss (rapid)"]
[EventRounds "9"]
[EventCountry "NET"]
[SourceTitle "CBM 199 Extra"]
[Source "ChessBase"]
[SourceDate "2021.01.31"]
[SourceVersion "1"]
[SourceVersionDate "2021.01.31"]
[SourceQuality "1"]
[WhiteTeam "Colombia II"]
[BlackTeam "China II"]
[WhiteTeamCountry "COL"]
[BlackTeamCountry "CHN"]

1. e4 c5 2. Nf3 d6 3. d4 cxd4 4. Nxd4 Nf6 5. Nc3 a6 6. Bg5 Nbd7 7. f4 e5 8. Nf5 Qb6 9. Qd2 h6 10. Bh4 Qxb2 11. Rb1 Qa3 12. Bc4 Qc5 13. Bb3 exf4 14. Bf2 Qc7 15. 0-0 g6 16. Nd5 Nxd5 17. Qxd5 Ne5 18. Ba4+ Bd7 19. Rxb7 Qc8 20. Bxd7+ Nxd7 21. Rxd7 Kxd7 22. Qxf7+ Kc6 23. Nd4+ 1-0

[Event "CHN-chB"]
[Site "Hangzhou"]
[Date "2019.07.05"]
[Round "7"]
[White "Zhao, Chenxi"]
[Black "Zhang, Yinzhe"]
[Result "1-0"]
[WhiteElo "2400"]
[BlackElo "1966"]
[PlyCount "115"]
[EventDate "2019.07.02"]
[EventType "swiss"]
[EventRounds "11"]
[EventCountry "CHN"]
[SourceTitle "CBM 191 Extra"]
[Source "ChessBase"]
[SourceDate "2019.09.30"]
[SourceVersion "1"]
[SourceVersionDate "2019.09.30"]
[SourceQuality "1"]

1. e4 c5 2. Nf3 d6 3. d4 cxd4 4. Qxd4 Nc6 5. Bb5 Bd7 6. Qd3 a6 7. Bxc6 bxc6 8. 0-0 e5 9. c4 Qc7 10. Nc3 h6 11. Rd1 Nf6 12. Be3 Ng4 13. Rac1 Be6 14. b3 Nxe3 15. Qxe3 c5 16. Nd5 Qb7 17. Rc3 Bxd5 18. Rxd5 Be7 19. Rcd3 Qc8 20. g3 0-0 21. Kg2 Kh7 22. Nd2 Qe6 23. Qe2 g6 24. Nb1 f5 25. f3 f4 26. Rd1 g5 27. R5d3 h5 28. Nc3 Ra7 29. a3 g4 30. Nd5 Bg5 31. gxf4 Bxf4 32. fxg4 Rg7 33. Kh1 Rxg4 34. Nc7 Qg8 35. h3 Rh4 36. Qg2 Qxg2+ 37. Kxg2 Rg8+ 38. Kf2 Bh2 39. Ne6 Rxe4 40. Rxd6 Bg3+ 41. Kf3 Rh4 42. Rd7+ Kh6 43. Rd8 e4+ 44. Kg2 Rxd8 45. Rxd8 Be5 46. Rd5 Bb8 47. Rd8 e3 48. Rxb8 e2 49. Rh8+ Kg6 50. Re8 e1Q 51. Nf8+ Kf7 52. Rxe1 Kxf8 53. Re5 Rd4 54. Rd5 Re4 55. Rxc5 Re2+ 56. Kf3 Rb2 57. Rc8+ Kf7 58. Rb8 1-0

[Event "CHN-chB"]
[Site "Hangzhou"]
[Date "2019.07.04"]
[Round "5"]
[White "Xi, Qi"]
[Black "Zhang, Yinzhe"]
[Result "1-0"]
[WhiteElo "2222"]
[BlackElo "1966"]
[PlyCount "91"]
[EventDate "2019.07.02"]
[EventType "swiss"]
[EventRounds "11"]
[EventCountry "CHN"]
[SourceTitle "CBM 191 Extra"]
[Source "ChessBase"]
[SourceDate "2019.09.30"]
[SourceVersion "1"]
[SourceVersionDate "2019.09.30"]
[SourceQuality "1"]

1. d4 Nf6 2. c4 e6 3. Nc3 Bb4 4. Qc2 c5 5. dxc5 Bxc5 6. Nf3 Nc6 7. Bg5 h6 8. Bh4 Be7 9. e3 a6 10. Be2 b6 11. 0-0 Bb7 12. Rfd1 Qc7 13. Rac1 0-0 14. Bg3 Qd8 15. a3 Nh5 16. Ng5 hxg5 17. Bxh5 f5 18. Qd2 Bc8 19. Bf3 Ra7 20. b4 Qe8 21. Na4 b5 22. Nb6 g4 23. Be2 Rb7 24. c5 Ra7 25. a4 bxa4 26. Ra1 Kh8 27. Rxa4 e5 28. f3 Bg5 29. f4 exf4 30. exf4 Bf6 31. Bf2 Rf7 32. Bc4 Re7 33. Nd5 Re4 34. Bd3 Re6 35. Bxf5 Re2 36. Re1 Nd4 37. Nxf6 gxf6 38. Rxe2 Nxe2+ 39. Kf1 d5 40. Bxc8 Qxa4 41. Qxe2 Qxb4 42. Bxa6 Qxf4 43. g3 Qa4 44. Bd3 Qd7 45. Bd4 Kg7 46. c6 1-0